| 000 | 01082nam a2200265 a 4500 | ||
|---|---|---|---|
| 001 | 000043460 | ||
| 005 | 20240313073818.0 | ||
| 008 | 140318s2004 dr 000 0 spa d | ||
| 020 | _a9993403598 | ||
| 040 |
_aDO-SdBNP _bspa _cBNPHU |
||
| 082 |
_a342.7293029 _bG643r, 2004 |
||
| 100 | 1 |
_aGonzález Trevijano, Pedro José _971145 |
|
| 245 | 1 | 3 |
_aEl rol de la constitución en las sociedades democráticas / _cPedro José González Trevijano. |
| 250 | _a2ª ed. | ||
| 260 |
_aSanto Domingo : _bFUNGLODE, _c2004. _fCorripio |
||
| 300 |
_a41 p. ; _c24 cm. |
||
| 490 | 1 |
_aPensamiento Contemporáneo _v4 |
|
| 500 | _aConferencia impartida en FUNGLODE, el 6 de septiembre del 2002, Santo Domingo, República Dominicana. | ||
| 590 | _aInventariado, 2018/ YL | ||
| 651 | 4 |
_aRepública Dominicana _xHistoria Constitucional _xEnsayos, Conferencias, Etc. _971146 |
|
| 650 | 4 |
_aDemocracia _xEnsayos, conferencias, etc. _964333 |
|
| 710 | 2 |
_aFundación Global Democracía y Desarrollo _925477 |
|
| 830 | 0 |
_aPensamiento Contemporáneo _v4 _97292 |
|
| 910 | _aValidado. Control de la calidad EMS | ||
| 999 |
_c42949 _d42949 |
||